| 000 | 01041cam a2200253 i 4500 | ||
|---|---|---|---|
| 999 |
_c160190 _d15869 |
||
| 001 | 160190 | ||
| 003 | TR-AnTOB | ||
| 005 | 20230811144901.0 | ||
| 008 | 071010s2003 tu 00000 tur | ||
| 040 |
_aTR-AnTOB _beng _erda _cTR-AnTOB |
||
| 041 | 0 | _atur | |
| 050 | 4 |
_aHD2056.7 _b.A43 2003 |
|
| 090 |
_aHD2056.7 _b.A43 2003 |
||
| 245 | 0 | 0 |
_aAmasya tarım master planı : _bİl tarım ve kırsal kalkınma master planlarının hazırlanmasına destek projesi / _cT. C. Tarım ve Köyişleri Bakanlığı Araştırma Planlama ve Koordinasyon Kurulu Başkanlığı Amasya Tarım İl Müdürlüğü Amasya Tarımsal Master Plan Hazırlama Ekibi Hüsamettin Küçükekşi [and others]. |
| 264 | 1 |
_a[Amasya]: _bTarım ve Köy İşleri Bakanlığı Amasya Tarım İl Müdürlüğü, _c2003. |
|
| 300 |
_a189 pages : _bmaps, tables ; _c29 cm |
||
| 650 | 0 |
_aTarım ve devlet _zTürkiye _zAmasya _966318 |
|
| 700 | 1 |
_aKüçükekşi, Hüsamettin _966316 |
|
| 901 | _aT000353 | ||
| 902 | _aMÇ | ||
| 942 |
_cBK _2lcc |
||